| 000 | 00370nam a2200145Ia 4500 | ||
|---|---|---|---|
| 008 | 131103s9999 xx 000 0 und d | ||
| 040 | _aLoreto College | ||
| 041 | _aEnglish | ||
| 082 |
_a943.062/WED _bLCLIB/22897 |
||
| 100 | _aWegwood,C.V. | ||
| 245 |
_aThe King's peace,1637-1641 _cC.V.Wegwood |
||
| 300 |
_a510 _c 22cm. |
||
| 850 | _aLCLIB/942.062/WEG | ||
| 942 | _cBK | ||
| 999 |
_c36014 _d86493 |
||